[Event "Dundee & Angus Major"]
[Site "Dundee"]
[Date "2013.10.13"]
[Round "4"]
[White "Stewart, Jack AN"]
[Black "Gonzalez Campos, Maria"]
[Result "1-0"]
[WhiteElo "1232"]
[BlackElo "1506"]
[PlyCount "133"]
[EventDate "2013.10.11"]
[EventType "swiss"]
[EventRounds "5"]
[EventCountry "SCO"]
[SourceTitle "EXT 2023"]
[Source "ChessBase"]
[SourceDate "2022.10.05"]
[SourceVersion "1"]
[SourceVersionDate "2022.10.05"]
[SourceQuality "1"]

1. e4 e6 2. d4 d5 3. e5 c5 4. c3 Nc6 5. Nf3 Qb6 6. Be2 cxd4 7. cxd4 Bb4+ 8. Nc3 Nge7 9. a3 Bxc3+ 10. bxc3 Bd7 11. Qc2 Rc8 12. Qb2 Qc7 13. Bd2 b6 14. 0-0 Na5 15. Rfc1 Nc4 16. Qb3 0-0 17. Be1 Nc6 18. Nd2 N6a5 19. Qb4 Qc6 20. Nxc4 Nxc4 21. Bxc4 Qxc4 22. Rab1 Rc7 23. Rb2 Bc8 24. Qxc4 Rxc4 25. Rb4 Ba6 26. Rxc4 Bxc4 27. f4 Rc8 28. Kf2 Rc6 29. Ke3 b5 30. Bd2 Kf8 31. Ra1 Ra6 32. g4 Ke7 33. h4 Kd7 34. Bc1 Bf1 35. Ra2 Bh3 36. Kf3 Rc6 37. Re2 Kc7 38. Bb2 Kb6 39. Rf2 h5 40. gxh5 Bf5 41. Rd2 Rc8 42. Ke3 Rh8 43. Rh2 Rxh5 44. Kf3 Rh6 45. Ke3 Ka5 46. Rg2 Rxh4 47. Rxg7 Rh3+ 48. Kd2 Rh2+ 49. Ke3 Bg6 50. Bc1 Rh3+ 51. Kd2 Rh2+ 52. Ke3 Rc2 53. Bd2 a6 54. c4+ Ka4 55. cxd5 exd5 56. Bb4 Rc1 57. f5 Bxf5 58. Rxf7 Bg4 59. Rg7 Bc8 60. e6 Rh1 61. e7 Rh3+ 62. Kf4 Rh8 63. Ke5 Re8 64. Kxd5 Kb3 65. Kc6 Bf5 66. d5 Be4 67. Kd7 1-0